header

James Baldwin and Toni Morrison (Record no. 246993)

MARC details
000 -LEADER
fixed length control field 01400nam a2200325Ia 4500
082 04 - DEWEY DECIMAL CLASSIFICATION NUMBER
Classification number 810.989607309045
245 00 - TITLE STATEMENT
Title James Baldwin and Toni Morrison
260 ## - PUBLICATION, DISTRIBUTION, ETC. (IMPRINT)
Place of publication New York, N.Y. ;
-- Basingstoke :
Name of publisher Palgrave Macmillan,
Year of publication 2006.
300 ## - PHYSICAL DESCRIPTION
Number of Pages viii, 300 p.
650 #0 - SUBJECT ADDED ENTRY--TOPICAL TERM
Topical Term African Americans in literature.
700 1# - ADDED ENTRY--PERSONAL NAME
Personal name King, Lovalerie.
Personal name Scott, Lynn Orilla,
856 40 - ELECTRONIC LOCATION AND ACCESS
Uniform Resource Identifier http://site.ebrary.com/lib/rucke/Doc?id=10167474

No items available.

© 2026 Rongo University
Contact us: librarian | system librarian | Rongo university